|
|
|
|
| LEADER |
00000cam a2200000 a 4500 |
| 001 |
vtls001119164 |
| 003 |
SK-MaSNL |
| 005 |
20260430112111.0 |
| 008 |
240513s1984 xo frnp 00000 slo |
| 015 |
|
|
|a SNBA1984/05
|
| 020 |
|
|
|q (brožované)
|
| 035 |
|
|
|a SNK000062007
|
| 040 |
|
|
|a SNK
|b slo
|c SNK
|e AACR2
|
| 041 |
0 |
|
|a slo
|
| 044 |
|
|
|a xo
|c SK
|
| 080 |
|
|
|a 659.1(075.8)
|2 1981
|
| 100 |
1 |
|
|a Horňák, Pavel,
|d 1953-2023
|4 aut
|9 221555
|
| 245 |
1 |
0 |
|a Teória propagácie
|b k základným otázkam teórie socialistickej propagácie
|c Pavel Horňák
|
| 250 |
|
|
|a 1. vyd.
|
| 260 |
|
|
|a Bratislava
|b Univerzita Komenského
|c 1984
|
| 300 |
|
|
|a 144 strán
|c 21 cm
|
| 366 |
|
|
|e 180 kusov
|
| 490 |
1 |
|
|a Vysokoškolské skriptá
|
| 504 |
|
|
|a Obsahuje bibliografiu
|
| 650 |
0 |
7 |
|a reklama a propagácia
|2 SNKPH
|9 66573
|
| 650 |
0 |
7 |
|a teória
|2 SNKPH
|9 3883
|
| 650 |
0 |
7 |
|a socializmus
|2 SNKPH
|9 2151
|
| 655 |
|
7 |
|a učebnice vysokých škôl
|2 SNKPH
|9 70191
|
| 830 |
|
0 |
|a Vysokoškolské skriptá
|9 276440
|
| 852 |
|
|
|a Slovenská národná knižnica
|
| 954 |
|
|
|a odborná, vedecká literatúra pôvodná (slovenská)
|2 lita
|
| 958 |
|
|
|a RK
|
| 958 |
|
|
|a TL
|
| 958 |
|
|
|a NB
|
| 958 |
|
|
|a OND
|
| 958 |
|
|
|a UV
|
| 999 |
|
|
|c 707482
|d 709412
|
| 952 |
|
|
|t P60, <04>, [BOOK], {604}
|a SNK
|b SNK
|y VYP
|7 0
|p 17A0223815
|o snkSD 55860 D1
|0 0
|1 0
|4 0
|d 2000-01-17
|l 0
|r 2004-12-31 00:00:00
|w 2026-02-23
|